00365nam a2200145Ia 4500008004100000020001500041041001200056100001400068245005300082250000900135260003500144300000800179650001500187700001700202221030s9999 xx 000 0 und d a9332557185 aEnglish aP. Kotler 0aMarketing Managementcby P. Kotler, K. L. Keller a15th bPearson EducaitonaNoidac2020 a756 aManagement aK. L. Keller